000 00739nam a2200205 4500
003 LK-CoMWRAF
005 20240118111811.0
008 231213b |||||||| |||| 00| 0 eng d
020 _a955910246X
040 _aLK-CoMWRAF
_dLK-CoMWRAF
_eLK-CoMWRAF
041 _asin
082 _a324.62
_bALW
100 _aඅල්විස්, මාලතී ද
110 _aජයවර්ධන, කුමාරි
245 _aශ්‍රී ලංකාවේ ස්ත්‍රීන් ඡන්ද බලයට කළ සටන
246 _aSri lankawe sthreen chanda balayata kala satana
260 _aකොළඹ :
_bසමාජ ව්ද්‍යාඥයින්ගේ සංගමය
300 _bපි. 106
942 _cBK
999 _c4412
_d4412